书目信息 |
| 题名: |
岭南文化艺术
|
|
| 作者: | 谭元亨 著 | |
| 分册: | ||
| 出版信息: | 广州 华南理工大学出版社 2002.09 |
|
| 页数: | 349页 | |
| 开本: | 20cm | |
| 丛书名: | 大学生文化素质教育系列教材 | |
| 单 册: | ||
| 中图分类: | G127.65 | |
| 科图分类: | ||
| 主题词: | 文化--wen hua--广东省--研究--高等学校--教材 , 文化事业--中国 | |
| 电子资源: | ||
| ISBN: | 7-5623-1874-3 | |
| 000 | 00985nam 2200289 450 | |
| 001 | CAL 012003004076 | |
| 005 | 20050221142725.0 | |
| 010 | @a7-5623-1874-3@dCNY 18.00 | |
| 099 | @aCAL 012003004076 | |
| 100 | @a20021029d2002 em y0chiy0121 ea | |
| 101 | 0 | @achi |
| 102 | @aCN@b440000 | |
| 105 | @ay a 000yy | |
| 200 | 1 | @a岭南文化艺术@Aling nan wen hua yi shu@f谭元亨著 |
| 210 | @a广州@c华南理工大学出版社@d2002.09 | |
| 215 | @a349页@d20cm | |
| 225 | 2 | @a大学生文化素质教育系列教材@Ada xue sheng wen hua su zhi jiao yu xi lie jiao cai |
| 320 | @a有书目 | |
| 330 | @a本书包括: 岭南民系源流、岭南民性、岭南文化的发展阶段、岭南商业文明、岭南思想文化、岭南文学、岭南艺术、民俗研究等内容。 | |
| 410 | 0 | @12001 @a大学生文化素质教育系列教材 |
| 606 | 0 | @a文化@Awen hua@x广东省@x研究@x高等学校@j教材 |
| 606 | 0 | @a文化事业@x中国 |
| 690 | @aG127.65@v4 | |
| 701 | 0 | @a谭元亨@Atan yuan heng@4著 |
| 801 | 0 | @aCN@bNLC@c20021127 |
| 905 | @a10447@dG127.65@eT140 | |
| 998 | @aECN | |
| 岭南文化艺术/谭元亨著.-广州:华南理工大学出版社,2002.09 |
| 349页;20cm.-(大学生文化素质教育系列教材) |
| ISBN 7-5623-1874-3:CNY 18.00 |
| 本书包括: 岭南民系源流、岭南民性、岭南文化的发展阶段、岭南商业文明、岭南思想文化、岭南文学、岭南艺术、民俗研究等内容。 |
| ● |
| 相关链接 |
|
|
|
正题名:岭南文化艺术
索取号:G127.65/T140
 
预约/预借
| 序号 | 登录号 | 条形码 | 馆藏地/架位号 | 状态 | 备注 |
| 1 | 539478 | 205394786 | 社科二线422/422社科库 36排1列5层/ [索取号:G127.65/T140] | 在馆 | |
| 2 | 539479 | 205394795 | 社科库409/409社科库 56排5列1层/ [索取号:G127.65/T140] | 在馆 | |
| 3 | 539480 | 205394802 | 社科库409/409社科库 56排5列1层/ [索取号:G127.65/T140] | 在馆 |